banner-ar

SUPPLEMENT AUX ANNALES DU SERVICE DES ANTIQUITES DE L'EGYPT, CAHIERS:11, 13, 15, 18, 19, 23, 24, 25, 26. / (Record no. 16921)

MARC details
000 -الفاتح
حقل البيانات ثابتة الطول 00625nam a2200193Ia 4500
008 - عناصر البيانات ثابتة الطول - معلومات عامة
حقل البيانات ثابتة الطول 140319s9999 xx 000 0 eng d
040 ## - مصدر الفهرسة
وكالة الفهرسة الأصلية GCL /
وكالة النسخ GCL
082 04 - رقم تصنيف ديوى العشرى
رقم التصنيف CC
رقم المادة 905
-- S S
100 1# - المدخل الرئيسى - إسم شخصى
الإسم الشخصى SERVICE DES ANTIQUITES DE LA EGYPTE
245 10 - بيان العنوان
العنوان SUPPLEMENT AUX ANNALES DU SERVICE DES ANTIQUITES DE L'EGYPT, CAHIERS:11, 13, 15, 18, 19, 23, 24, 25, 26. /
بيان المسئوليه,etc SERVICE DES ANTIQUITES DE LA EGYPTE
260 ## - PUBLICATION, DISTRIBUTION, ETC. (IMPRINT)
تاريخ النشر أو التوزيع 1984
650 04 - المدخل الاضافى بالموضوع-مصطلح موضوعى
مصطلح موضوعي HISTOLOGY
650 04 - المدخل الاضافى بالموضوع-مصطلح موضوعى
مصطلح موضوعي ANCIENT EGYPT
650 04 - المدخل الاضافى بالموضوع-مصطلح موضوعى
مصطلح موضوعي HISTORY
650 04 - المدخل الاضافى بالموضوع-مصطلح موضوعى
مصطلح موضوعي ARCHAEOLOGY
650 04 - المدخل الاضافى بالموضوع-مصطلح موضوعى
مصطلح موضوعي PERIODICALS
942 ## - عناصر المدخل الإضافي( كوها)
مصدر التصنيف او مخطط الترفيف Dewey Decimal Classification
Koha [default] item type كتاب
260 ## - PUBLICATION, DISTRIBUTION, ETC. (IMPRINT)
-- [S.N] :
-- SERVICE DES ANTIQUITES DE L'EGYPTE ،
Holdings
حالة التراجع حالة الفقد حالة تلف ليس للاعارة المكان المؤقت الموقع الحالى تاريخ الاكتساب اجمالي اﻻعارات رقم الطلب الباركود تاريخ اخر مشاهدة تاريخ تفعيل السعر نوع وعاء كوها
        مكتبة القاهرة الكبرى مكتبة القاهرة الكبرى 03/26/2014   CC\905\S S 30561 03/26/2014 03/26/2014 كتاب

Powered By

EGPV